عرض عادي
عرض مارك
- Nieto, T. R.
مدخل إسم شخص
001 - رقم الضبط
- حقل الضبط: 5371
003 - معرف رقم الضبط
- حقل الضبط: OSt
005 - تاريخ ووقت أخر عملية
- حقل الضبط: 20111019162100.0
008 - عناصر بيانات ثابتة الطول
- حقل تحكم ثابت الطول: 111019|||a|||||| | ||| d
040 ## - مصدر الفهرسة
- هيئة الفهرسة الأصلية: OSt
- وكالة الكتابة: OSt
100 ## - مدخل -- أسم شخص
- إسم شخص: Nieto, T. R.
- الشكل الكامل للاسم: (Tem R.)
670 ## - بيانات المصدر موجوده
- الاستشهاد بالمصدر: Work cat.: (OSt)0: Deitel, Harvey M., 1945- 4732, C++ in the lab :, c2003.
